书目信息 |
| 题名: |
体艺学科课程群
|
|
| 作者: | 孙鹏 主编 | |
| 分册: | ||
| 出版信息: | 上海 华东师范大学出版社 2019.10 |
|
| 页数: | 156页 | |
| 开本: | 24cm | |
| 丛书名: | 学校课程发展丛书 | |
| 单 册: | ||
| 中图分类: | G633.963.2 , G633.950.2 | |
| 科图分类: | ||
| 主题词: | 体育课--课程建设--教学研究--中小学 , 艺术--课程建设--教学研究--中小学 | |
| 电子资源: | ||
| ISBN: | 978-7-5675-9594-1 | |
| 000 | 01107oam2 2200277 450 | |
| 001 | 0103152653 | |
| 005 | 20201103152731.0 | |
| 010 | @a978-7-5675-9594-1@dCNY34.00 | |
| 100 | @a20200408d2019 em y0chiy50 ea | |
| 101 | 0 | @achi |
| 102 | @aCN@b310000 | |
| 105 | @aak z 000yy | |
| 106 | @ar | |
| 200 | 1 | @a体艺学科课程群@Ati yi xue ke ke cheng qun@f孙鹏主编 |
| 210 | @a上海@c华东师范大学出版社@d2019.10 | |
| 215 | @a156页@c图@d24cm | |
| 225 | 2 | @a学校课程发展丛书 |
| 330 | @a体育一道,配德育与智育,而德智皆寄于体,无体是无德智也。随着时代的发展,体育艺术课程对生命成长的滋养日益凸显。本书所展示的体艺学科课程群的建设促进了对课程目的和目标的深度思考,强化了对于生命个体成长的关注,彰显了对生命成长的基石作用。生命的茁壮成长是教育之本,是教育的内核;成长与体艺完美相遇,必将绽放健康精彩的人生。 | |
| 461 | 0 | @12001 @a学校课程发展丛书 |
| 606 | 0 | @a体育课@x课程建设@x教学研究@x中小学 |
| 606 | 0 | @a艺术@x课程建设@x教学研究@x中小学 |
| 690 | @aG633.963.2@v5 | |
| 690 | @aG633.950.2@v5 | |
| 701 | 0 | @a孙鹏@ASun Peng@4主编 |
| 801 | 0 | @aCN@bBJSZM@c20201103 |
| 905 | @b1256826-30@dG633.963.2@e209@f5 | |
| 体艺学科课程群/孙鹏主编.-上海:华东师范大学出版社,2019.10 |
| 156页:图;24cm.-(学校课程发展丛书) |
| ISBN 978-7-5675-9594-1:CNY34.00 |
| 体育一道,配德育与智育,而德智皆寄于体,无体是无德智也。随着时代的发展,体育艺术课程对生命成长的滋养日益凸显。本书所展示的体艺学科课程群的建设促进了对课程目的和目标的深度思考,强化了对于生命个体成长的关注,彰显了对生命成长的基石作用。生命的茁壮成长是教育之本,是教育的内核;成长与体艺完美相遇,必将绽放健康精彩的人生。 |
| ● |
| 相关链接 |
|
|
|
|
正题名:体艺学科课程群
索取号:G633.963.2/209
 
预约/预借
| 序号 | 登录号 | 条形码 | 馆藏地/架位号 | 状态 | 备注 |
| 1 | 1256826 | 212568265 | 第一样本阅览室/ [索取号:G633.963.2/209] | 在馆 | |
| 2 | 1256827 | 212568274 | 教育系资料室/ [索取号:G633.963.2/209] | 在馆 | |
| 3 | 1256828 | 212568283 | 教育系资料室/ [索取号:G633.963.2/209] | 在馆 | |
| 4 | 1256829 | 212568292 | 第四借阅区/ [索取号:G633.963.2/209] | 在馆 | |
| 5 | 1256830 | 212568309 | 第四借阅区/ [索取号:G633.963.2/209] | 在馆 |